000 00793nam a2200217 u 4500
005 20240228063736.0
008 071029s2004 mx r 000 0 spa d
020 _a9682469988
035 _aUPN01000153235
049 _aCG
050 4 _aLB1186
_bG6.3
100 1 _aGordillo Isaacs, Beatriz
_935643
245 1 0 _aAlgo divertido para contar y volver a contar :
_bguía para educadoras /
_cBeatriz Gordillo Isaacs, María Araceli Velasco.
260 _aMéxico :
_bTrillas,
_c2004.
300 _a96 p. :
_bil. col.
650 4 _aNúmero (Concepto matemático)
_xEstudio y enseñanza (Preescolar)
_99083
650 4 _aRimas infantiles
_910247
700 1 _aVelasco, María Araceli,
_ecoaut.
740 0 _aPara enseñar a contar algo divertido : guía para mejores educadoras
905 _aLibro
999 _c125356
_d125356